00545nam a2200145 4500245007700000710001900077260003800096300002700134490003400161082001700195650002800212650002700240952011500267999001700382 aMarx Engels Lenin : on historical materialismccompiled by T. Borodulina aBorodulina, T. aMoscowbProgress Publishersc1972 a[v],751p.:ill.; 24cm.- aworker of all countries unite a335.411bMAR aHistorical materialism  aMarxian historiography 001040708GIFaNEHUbNEHUd2011-11-25l3o335.411 MARpG374r2019-10-30 00:00:00s2019-10-30w2011-11-25yBK c84198d84198